| 000 | 01081nam a22002777a 4500 | ||
|---|---|---|---|
| 003 | BD-DhSAU | ||
| 005 | 20190514122007.0 | ||
| 008 | 160531b2014 bg ||||| |||| 001 0 eng d | ||
| 040 | _aBD-DhSAU | ||
| 082 |
_222 _a630 _bAf85 |
||
| 100 |
_a Afroz, Umme Rumana _dRegistration # 08-02914 |
||
| 245 |
_aWeed suppression for increasing profitability in jute cultivation by incorporating leafy vegetables (green amanranth and jute) / _bMS thesis |
||
| 260 |
_aSher-e-Bangla Agricultural Uniersity : _bDepartment of Agronomy _c2014 |
||
| 300 |
_avii, 54 p. : _bill. ; _c30 cm. |
||
| 500 | _aMS thesis of Department of Agronomy , Faculty of Agriculture, Sher-e-Bangla Agricultural University, Dhaka, Bangladesh | ||
| 590 | _aMd. Sirajul Islam | ||
| 650 | _aAgronomy | ||
| 650 | _aJute | ||
| 650 | _aCultivation | ||
| 650 | _aVegetables | ||
| 650 | _aGreen | ||
| 700 |
_aUllah, Md. Jafar _dSupervisor |
||
| 700 |
_aCo-Supervisor _eCo-Supervisor |
||
| 856 |
_uhttp://archive.saulibrary.edu.bd:8080/xmlui/handle/123456789/2514 _yOnline Access |
||
| 942 |
_2ddc _cTHESIS |
||
| 999 |
_c13304 _d13303 |
||